Assessment of radio tracking siamese crocodile in chomnob commune, thmabaing district, koh kong province, ការវាយតំលៃលើការបំពាក់ឧបករណ៏វិទ្យុចាប់សំឡេងលើសត្វក្រពើភ្នំ នៅឃុំជំនាប់ ស្រុកថ្មបាំង ខេត្តកោះកុង (Record no. 3316)

000 -LEADER
fixed length control field 00748nam a22001577a 4500
003 - CONTROL NUMBER IDENTIFIER
control field OSt
005 - DATE AND TIME OF LATEST TRANSACTION
control field 20151111150644.0
008 - FIXED-LENGTH DATA ELEMENTS--GENERAL INFORMATION
fixed length control field 151111b xxu||||| |||| 00| 0 eng d
040 ## - CATALOGING SOURCE
Transcribing agency RUA
082 ## - DEWEY DECIMAL CLASSIFICATION NUMBER
Classification number RUA PRU 2006 B132 Or.1
100 ## - MAIN ENTRY--PERSONAL NAME
9 (RLIN) 3561
Personal name PRUMSOEUN, WATANAK.
245 ## - TITLE STATEMENT
Title Assessment of radio tracking siamese crocodile in chomnob commune, thmabaing district, koh kong province, ការវាយតំលៃលើការបំពាក់ឧបករណ៏វិទ្យុចាប់សំឡេងលើសត្វក្រពើភ្នំ នៅឃុំជំនាប់ ស្រុកថ្មបាំង ខេត្តកោះកុង
260 ## - PUBLICATION, DISTRIBUTION, ETC. (IMPRINT)
Place of publication, distribution, etc. Phnom Penh
Name of publisher, distributor, etc. RUA
Date of publication, distribution, etc. 2006
300 ## - PHYSICAL DESCRIPTION
Extent 44p.
Other physical details ill.
Dimensions 29cm.
942 ## - ADDED ENTRY ELEMENTS (KOHA)
Source of classification or shelving scheme
Koha item type FOR
Holdings
Price effective from Date last seen Permanent Location Not for loan Date acquired Source of classification or shelving scheme Koha item type Barcode Lost status Damaged status Shelving location Withdrawn status Current Location Full call number
2015-11-112015-11-11Library Block B 2015-11-11 FORRUA026979  B132 Library Block BRUA PRU 2006 B132 Or.1
2015-11-112015-11-11Library Block B 2015-11-11 FORRUA026907  B132 Library Block BRUA PRU 2006 B132 Or.2
2015-11-112015-11-11Library Block B 2015-11-11 FORRUA026763  B132 Library Block BRUA PRU 2006 B132 Or.3
2015-11-112015-11-11Library Block B 2015-11-11 FORRUA027951  B132 Library Block BRUA PRU 2006 B132 Or.4
2015-11-112015-11-11Library Block B 2015-11-11 FORRUA027879  B132 Library Block BRUA PRU 2006 B132 Or.5
2015-11-112015-11-11Library Block B 2015-11-11 FORRUA027770  B132 Library Block BRUA PRU 2006 B132 Or.6
មជ្ឈមណ្ឌលឯការនៃសាកលវិទ្យាល័យភូមិន្ទកសិកម្មចំការដូង

Powered by Koha